000 00330nam a22001217a 4500
008 180606b xxu||||| |||| 00| 0 eng d
041 _aeng
080 _a043.3
100 _a0
101 _aSHKI-MTH
245 _aQasja dinamike dhe lehtësisht e menaxhueshme për mjediset e sigurta përmes IP VPN
_cLatifi,A.M
942 _2udc
_cBK
999 _c46484
_d46484